NCAA Basketball Championship: #1 vs. #1 Quiz Stats

 Plays Quiz Updated Mar 31, 2018

Support Sporcle.
Go Orange.
Score 0/18 Timer 03:00
1 Play Today
Year Team % Correct
1999Duke
97.3%
2015Duke
97.3%
1982North Carolina
95.7%
1993North Carolina
95.7%
2005North Carolina
95.7%
2017North Carolina
95.6%
2021Gonzaga
91.6%
2021Baylor
87.7%
2008Kansas
87.5%
Year Team % Correct
1993Michigan
83.6%
2007Florida
76.8%
2017Gonzaga
74.6%
2007Ohio State
65.1%
1999Connecticut
64.9%
1982Georgetown
64.7%
2015Wisconsin
64.4%
2008Memphis
60.9%
2005Illinois
54.1%

From the Vault

Prepositions in Idioms

by aduchscher

This quiz really hits the nail ___ the head.
Remove Ads.
Support Sporcle.
Get the best of Sporcle when you Go Orange. This ad-free experience offers more features, more stats, and more fun while also helping to support Sporcle. Thank you for becoming a member.

Show Comments

Extras

Top Quizzes Today


Score Distribution

Your Account Isn't Verified!

In order to create a playlist on Sporcle, you need to verify the email address you used during registration. Go to your Sporcle Settings to finish the process.

Report this User

Report this user for behavior that violates our Community Guidelines.

Details: